Matilde aprende una lección (Registro nro. 12842)

Detalles MARC
000 - LÍDER
campo de control de longitud fija 00865nam a22002297a 4500
003 - IDENTIFICADOR DE NÚMERO DE CONTROL
campo de control OSt
005 - FECHA Y HORA DE LA ÚLTIMA TRANSACCIÓN
campo de control 20210818181838.0
008 - ELEMENTOS DE DATOS DE LONGITUD FIJA - INFORMACIÓN GENERAL
campo de control de longitud fija 171211s2012 ck a gr 000 j spa d
020 ## - INTERNATIONAL STANDARD BOOK NUMBER
International Standard Book Number 9789584498588
040 ## - FUENTE DE CATALOGACIÓN
Lenguaje de catalogación spa
041 ## - CÓDIGO DE LENGUAJE
Código de idioma de texto / pista de sonido o título separado spa
082 04 - NÚMERO DE CLASIFICACIÓN DECIMAL DEWEY
Número de clasificación 808.069
Número de artículo V434ma
100 1# - ENTRADA PRINCIPAL - NOMBRE PERSONAL
9 (RLIN) 51145
Nombre de la persona Velásquez Zuleta, Ricardo
245 10 - TÍTULO DECLARACIÓN
Título Matilde aprende una lección
Declaración de responsabilidad Ricardo Velásquez Z., Ángela María Castaño Ramírez, Alexánder Mauricio Ramírez Quiroga
260 ## - PUBLICACIÓN, DISTRIBUCIÓN
Lugar de publicación Pereira
Nombre del editor LEP Libros de Educación y Pedagogía
Fecha de publicación 2012
300 ## - DESCRIPCIÓN FÍSICA
Alcance [12 páginas]
Otros datos físicos ilustraciones
490 ## - DECLARACIÓN EN SERIE
Estado de cuenta de la serie Libros de Educación y Pedagogía
650 #0 - ENTRADA DE SUJETO AÑADIDO - TÉRMINO TÓPICO
9 (RLIN) 50358
Término tópico o elemento de entrada del nombre geográfico Cuentos Infantiles Colombianos
700 ## - ENTRADA AGREGADA - NOMBRE PERSONAL
9 (RLIN) 51548
Nombre de la persona Castaño Ramírez, Ángela María
700 ## - ENTRADA AGREGADA - NOMBRE PERSONAL
9 (RLIN) 51549
Nombre de la persona Ramírez Quiroga, Alexánder Mauricio
942 ## - ELEMENTOS DE ENTRADA AGREGADOS (KOHA)
Fuente de clasificación o esquema de estanterías Dewey Decimal Classification
Parte de clasificación 808.069 V434ma
Prefijo del número de llamada 808.069
Sufijo del número de llamada V434ma
Existencias
Estado de retirada Pérdida de estatus Fuente de clasificación o esquema de estanterías Estado dañado No para préstamo Código de recogida Ubicación permanente Ubicación actual Ubicación de las estanterías Fecha de adquisición Total de Cajas Número Topográfico Código de barras Precio efectivo desde Número de copia Fecha de la última vez que se vio Tipo de artículo Koha
    Dewey Decimal Classification     General Biblioteca Pública Departamental Comfamiliar Risaralda Biblioteca Pública Departamental Comfamiliar Risaralda Área General 11/12/2017   808.069 V434ma 1227 11/12/2017 Ej. 1 11/12/2017 Libro
    Dewey Decimal Classification     General Biblioteca Pública Departamental Comfamiliar Risaralda Biblioteca Pública Departamental Comfamiliar Risaralda Área General 11/12/2017   808.069 V434ma 1228 11/12/2017 Ej. 2 11/12/2017 Libro